000 00421nam a2200157Ia 4500
008 160316s1995 xxu||||| |||| 00| 0 eng d
082 _a338.100000
_bIND
100 _a
245 _aProgramme for agricultural education in social action
250 _a
260 _aNew Delhi
_bIndian Social Institute
_c1995
300 _a50
_b
_c
365 _b
650 _a1. Agricultural education - social action
700 _a
_a
999 _c37039
_d37039